| 000 | 00704nam a2200193Ia 4500 | ||
|---|---|---|---|
| 003 | GCL | ||
| 008 | 140319s9999 xx 000 0 ara d | ||
| 040 |
_aGCL / _cGCL |
||
| 082 | 0 | 4 |
_a923.108026 _bا ح |
| 100 | 1 | _aابراهيم نافع | |
| 245 | 1 | 0 |
_aحوارات للتاريخ : _bمع ملوك ورؤساء الدول والحكومات فى مصر والعالم / _cابراهيم نافع |
| 250 | _aالاولى | ||
| 260 |
_aالقاهرة : _bمركز الاهرام للترجمة والنشر ، _c1997 |
||
| 300 |
_a452 ص ؛ _c24 سم |
||
| 650 | 0 | 4 | _aالملوك والحكام |
| 650 | 0 | 4 | _aرؤساء الجمهورية |
| 650 | 0 | 4 | _aالحوار الادبى |
| 942 |
_2ddc _cBK |
||
| 999 |
_c52127 _d52127 |
||